Car Brands by Partial Logo - Statistics

General Stats
  • This quiz has been taken 173 times
  • The average score is 20 of 24
Answer Stats
Picture Answer % Correct
BMW
99%
Ford
97%
Jaguar
97%
Volvo
97%
Aston Martin
94%
Chevrolet
92%
Porsche
92%
Subaru
92%
Nissan
91%
Jeep
89%
Mitsubishi
89%
Lexus
88%
Alfa Romeo
84%
Land Rover
84%
Skoda
83%
Peugeot
82%
Maserati
81%
Renault
73%
Chrysler
72%
Pontiac
65%
Lotus
62%
Smart
61%
MG
60%
Vauxhall
38%
No matching quizzes found
Score Distribution
Percent of People with Each Score
Percentile by Number Answered
Your Score History
You have not taken this quiz